000 00637nam a2200205 a 4500
001 000425110
003 AM-YeHGA
005 20250618072444.0
008 050429s1996 ai |||||r|||||||||1|arm|d
020 _a5550009102
040 _aAM-YeHGA
041 0 _aarm
100 1 _aՍիրունյան, Ղուկաս Տիգրանի,
_d1949-2017
_92416
245 1 0 _aՏապանի վրա :
_bԲանաստեղծություններ /
_cՂ. Սիրունյան.
260 _aԵրևան :
_bՆաիրի,
_c1996.
300 _a96 էջ ;
_c16 սմ.
650 1 4 _aՀայ գրականություն
_xՊոեզիա
942 _2udc
_cBK
090 _c163064
999 _c161658
_d161658